[Event "Zalakaros Barczay Memorial 2020"]
[Site "Zalakaros"]
[Date "2020.09.04"]
[Round "5.4"]
[White "Leszko, Bence"]
[Black "Boguszlavszkij, Jevgenyij"]
[Result "0-1"]
[WhiteElo "2305"]
[BlackElo "2168"]
[Annotator "TA"]
[PlyCount "120"]
[EventDate "2020.08.31"]
[EventType "swiss"]
[EventCountry "HUN"]
[SourceTitle "playchess.com"]
[Source "ChessBase"]
[SourceQuality "1"]

{[%evp 9,120,32,35,36,39,-45,-37,-43,-43,-45,-45,-50,-47,-55,0,0,0,0,0,0,0,0,0,0,7,8,16,10,17,19,52,36,38,33,74,47,58,58,55,55,75,77,102,102,113,111,113,40,91,89,205,-114,-110,-221,-221,-221,-217,-303,-306,-306,-287,-245,-238,-295,-305,-318,-326,-344,-334,-318,-308,-310,-300,-295,-280,-408,-405,-438,-446,-448,-422,-431,-340,-335,-316,-509,-495,-570,-570,-569,-568,-569,-560,-598,-587,-714,-705,-703,-692,-716,-693,-682,-678,-847,-832,-750,-732,-4132,-941,-920,-895,-861,-850]} 1. e4 e5 2. Nf3 Nc6 3. Bc4 Be7 4. O-O d6 5. a4 Nf6 6. Re1 {C50: Hungarian Defence and Giuoco Pianissimo.} O-O {[#]} 7. h3 $146 {[#]} ({White should play} 7. d3 $14) ({Predecessor:} 7. d3 Bg4 8. h3 Bh5 9. Nbd2 Qd7 10. c3 d5 11. exd5 Nxd5 12. Nxe5 Nxe5 13. Qxh5 Nxc4 14. Nxc4 c5 15. Ne5 Qd6 {1-0 (25) Shyam,S (2535)-Rjabzev,K (2278) Voronezh 2017}) 7... Nxe4 $1 $15 {[%mdl 512]} 8. Rxe4 {Black is slightly better.} d5 9. Bxd5 $1 Qxd5 10. Nc3 Qd6 11. d3 a6 ({Better is} 11... f6 $15) 12. Nxe5 $1 $11 Nxe5 13. Bf4 f6 {Hoping for ...Bf5.} 14. d4 Bf5 15. Re1 {[%mdl 64] Pin} Rad8 16. dxe5 fxe5 17. Bxe5 Qc6 18. Qe2 Bc5 19. Bg3 Kh8 20. Rad1 Rxd1 21. Qxd1 h6 22. Qd5 (22. Kh2 {feels hotter.} Kh7 23. f3 Rf7 24. Ne4 Rd7 25. Qc1) 22... Qxd5 23. Nxd5 c6 24. Nc7 Bb6 25. c3 Rf7 26. Ne8 {Strongly threatening Nd6.} Bc2 27. Nd6 Rd7 28. Re8+ Kh7 {[#]} 29. Rb8 $1 Bc5 (29... Bxa4 $16 {was worth a try.} 30. Rxb7 Rxb7 31. Nxb7 a5) 30. Nxb7 $2 (30. Rxb7 $18 Rxb7 31. Nxb7) 30... Ba7 $17 31. Rc8 (31. Na5 $17 Bxb8 32. Bxb8) 31... Rxb7 $19 32. Rxc6 Rb6 ({Don't do} 32... Bxa4 33. Rxa6 Bb3 34. Rc6 $17) 33. Rc8 Rxb2 34. a5 Rb5 35. Ra8 Rb7 36. Rc8 Rf7 37. c4 Bf5 38. Ra8 Be4 39. Re8 Bb7 40. Kf1 Bc5 41. f3 Bb4 42. Ke2 (42. Be1 $142 Bd6 43. Re6) 42... Bxa5 43. c5 Bc7 44. Bxc7 Rxc7 {[%mdl 4096] Endgame KRB-KR} 45. Re5 Rd7 46. Re6 {intending c6!} Bd5 47. Re5 $2 (47. Rb6 {keeps fighting.}) 47... Bc4+ {Black is clearly winning.} 48. Ke3 Rd5 49. Re7 Rxc5 50. Kd4 Rc8 51. g4 Bb5 52. f4 Rd8+ 53. Kc5 Rd3 54. f5 Kg8 55. h4 Rh3 56. h5 Rg3 57. Re4 Rc3+ 58. Kb4 Rc7 59. Kb3 Kf7 60. Rd4 {[#]} Rc4 $1 {[%mdl 512] Accuracy: White = 57%, Black = 81%.} 0-1

[Event "Zalakaros Barczay Memorial 2020"]
[Site "Zalakaros"]
[Date "2020.09.04"]
[Round "5.5"]
[White "Bodrogi, Bendeguz"]
[Black "Dobos, Jozsef"]
[Result "1/2-1/2"]
[WhiteElo "2078"]
[BlackElo "2254"]
[Annotator "TA"]
[PlyCount "26"]
[EventDate "2020.08.31"]
[EventType "swiss"]
[EventCountry "HUN"]
[SourceTitle "playchess.com"]
[Source "ChessBase"]
[SourceQuality "1"]

{[%evp 19,26,28,58,39,48,29,32,23,58]} 1. c4 c5 2. Nf3 g6 3. d4 cxd4 4. Nxd4 Bg7 5. e4 Nc6 6. Be3 Nf6 7. Nc3 O-O 8. Be2 d6 9. O-O Bd7 10. Nc2 Qa5 11. f4 {B38: Sicilian: Maroczy Bind with 5...Bg7 and 7...0-0.} Ne8 12. Qd3 Bxc3 13. bxc3 {[#]} Ng7 $146 {Black got outplayed after the opening} ({Predecessor:} 13... b6 14. Rfb1 Rc8 15. Nb4 Qa3 16. Rb3 Qa4 17. Bc1 Qa5 18. Ra3 Nxb4 19. cxb4 Qxb4 20. Rxa7 {1-0 (59) Boren,H-Smith,M USA 1994}) 1/2-1/2

[Event "Zalakaros Barczay Memorial 2020"]
[Site "Zalakaros"]
[Date "2020.09.04"]
[Round "5.6"]
[White "Dlauchy, Peter"]
[Black "Hardicsay, Peter"]
[Result "0-1"]
[WhiteElo "1690"]
[BlackElo "2196"]
[Annotator "TA"]
[PlyCount "38"]
[EventDate "2020.08.31"]
[EventType "swiss"]
[EventCountry "HUN"]
[SourceTitle "playchess.com"]
[Source "ChessBase"]
[SourceQuality "1"]

{[%evp 16,38,37,25,38,0,0,-157,0,-183,-153,-212,-218,-264,-261,-311,-314,-301,-321,-341,-343,-347,-306,-441,-449]} 1. e4 c5 2. Nf3 Nc6 3. d4 cxd4 4. Nxd4 e5 5. Nb5 d6 6. N1c3 a6 7. Na3 b5 8. Nd5 Nge7 9. Bg5 f6 {B32: Sicilian: Löwenthal and Kalashnikov Variations.} 10. Qh5+ g6 $1 {[%cal Rg6h5]} 11. Nxf6+ {[%mdl 64] Double Attack} Kf7 {Black is clearly better.} 12. Qf3 $2 (12. Qd1 $1 $11 {and White has nothing to worry.}) 12... Nd4 $19 13. Qd1 {[#]} (13. Qc3 $17) 13... Ne6 $1 {[%cal Re6g5] [#]} 14. Bh4 $146 ({Predecessor:} 14. Nxh7 Rxh7 15. Qf3+ Kg8 16. Bxe7 Bxe7 17. Bd3 Nc5 18. c4 b4 19. Nc2 a5 20. O-O {0-1 (41) Grull,M (1651)-Vass,D (2009) Hungary 2014}) 14... Ng8 ({Don't do} 14... g5 15. Bxg5 Nxg5 16. h4 $19) 15. Nd5 Qxh4 16. Bd3 Nf6 17. Nxf6 Qxf6 18. O-O h5 19. Rc1 (19. c4 {was worth a try.}) 19... Bh6 {Black took control after the opening. Accuracy: White = 32%, Black = 90%.} 0-1

[Event "Zalakaros Barczay Memorial 2020"]
[Site "Zalakaros"]
[Date "2020.09.04"]
[Round "5.7"]
[White "Herbold, Manfred"]
[Black "Balogh, Marton"]
[Result "1/2-1/2"]
[WhiteElo "2063"]
[BlackElo "1958"]
[Annotator "TA"]
[PlyCount "63"]
[EventDate "2020.08.31"]
[EventType "swiss"]
[EventCountry "HUN"]
[SourceTitle "playchess.com"]
[Source "ChessBase"]
[SourceQuality "1"]

{[%evp 10,63,-42,-41,-2,-16,-25,-31,-1,-39,-14,-75,-79,-72,-62,-127,-70,-97,-56,-56,-65,-74,-60,-63,37,27,51,-44,-43,-66,0,-96,-28,-41,0,-21,-21,-29,-14,-19,0,-7,0,0,-6,-5,13,9,10,10,8,-8,-12,-40,-37,-54]} 1. Nc3 e6 2. e4 d5 3. d4 dxe4 4. f3 exf3 5. Nxf3 Nf6 6. Bd3 b6 {D00: 1 d4 d5: Unusual lines.} 7. Qe2 Bb7 8. Bg5 Be7 9. O-O-O Nd5 {[#]} 10. h4 $146 {[#]} (10. Bxe7 $11 {remains equal.} Nxc3 11. Bb5+ Nd7 12. bxc3 Qxe7 13. Ne5) ({Predecessor:} 10. Ne4 Bxg5+ 11. Nfxg5 Nd7 12. Nxf7 Kxf7 13. Rhf1+ Kg8 14. Nd6 Qg5+ 15. Kb1 Ne3 16. Nf7 Qxg2 17. Qxe3 g6 18. Qxe6 Bd5 19. Qxd7 Kg7 20. Qe7 Bxf7 21. Rxf7+ {1-0 (21) Stead,K-Weller,T Suncoast 1999}) 10... Nxc3 $1 $17 11. bxc3 Nd7 12. c4 (12. Kb1 $15) 12... h6 (12... Bxf3 $17 13. Qxf3 Bxg5+ 14. hxg5 Qxg5+ 15. Kb2 Rd8) 13. Bd2 $15 Ba3+ 14. Kb1 Qe7 15. Rhe1 O-O-O 16. Be4 Bxe4 (16... Bb4 $15) 17. Qxe4 $14 Kb8 {[#]} 18. Re3 (18. c5 $1 $14 {[%mdl 512]}) 18... Bb4 $15 19. Bc1 Rhe8 ({Black should try} 19... Nf6 $15 20. Qc6 Bd6) 20. a3 (20. Qc6 $11 {keeps the balance.}) 20... Ba5 (20... Nf6 $17 21. Qf4 Bd6) 21. Bb2 f5 22. Qf4 Qd6 23. Ne5 Nxe5 24. Rxe5 Qc6 25. d5 exd5 (25... g5 {is interesting.} 26. hxg5 hxg5 27. Qxg5 Qxc4 28. Rxe6 Rg8) 26. cxd5 Rxe5 27. Qxe5 Qd7 (27... Qb5 {is more complex.} 28. Qxg7 Qe2 29. Rd3 Qe1+ 30. Bc1 Qxh4 31. Qxh6 Qxh6 32. Bxh6 Be1) 28. Qxg7 Qxg7 29. Bxg7 h5 30. Be5 Re8 31. d6 cxd6 32. Bxd6+ {Accuracy: White = 64%, Black = 64%.} 1/2-1/2

[Event "Zalakaros Barczay Memorial 2020"]
[Site "Zalakaros"]
[Date "2020.09.04"]
[Round "5.8"]
[White "Molnar Gabor, Roland"]
[Black "Farkas, Otto Jr."]
[Result "1/2-1/2"]
[WhiteElo "2051"]
[BlackElo "2054"]
[Annotator "TA"]
[PlyCount "142"]
[EventDate "2020.08.31"]
[EventType "swiss"]
[EventCountry "HUN"]
[SourceTitle "playchess.com"]
[Source "ChessBase"]
[SourceQuality "1"]

{[%evp 9,142,2,80,80,83,78,91,-17,-6,-13,-10,-21,-22,-90,-115,-100,-91,-134,-119,-105,-64,-138,-51,-49,208,213,262,0,0,0,0,0,0,0,0,0,0,0,0,0,0,0,0,0,0,0,0,0,37,17,75,78,78,78,76,0,0,0,77,0,0,0,0,0,0,0,0,0,0,-170,-170,-163,-135,-197,-194,-184,-174,-175,-168,-177,-169,-182,-130,-126,-118,-134,-120,-133,-108,-118,-85,-80,0,-92,-66,-69,-69,-79,-68,-66,0,-66,-73,-72,-34,-59,0,-66,0,0,0,0,0,0,0,0,0,0,0,0,0,0,0,0,0,0,0,0,0,0,0,0,0,0,0]} 1. d4 d5 2. Bf4 Nf6 3. e3 c5 4. Nc3 cxd4 5. exd4 Nc6 (5... a6 $11) 6. Nb5 $1 $16 {[%cal Rb5c7] Black must now prevent Nc7+. B13: Caro-Kann: Exchange Variation and Panov-Botvinnik Attack.} e5 7. dxe5 a6 8. Nd4 {[#]} (8. Nc3 $16 Ng4 9. h3 (9. Nxd5 Be6 $11) (9. Qxd5 Qb6 $11)) 8... Nxd4 $146 ({Predecessor:} 8... Ne4 9. c3 g5 10. Nxc6 bxc6 11. Bg3 Bc5 12. Bd3 Bf5 13. f3 Nxg3 14. hxg3 Bxd3 15. Qxd3 {1-0 (48) Igler,S (1947)-Kende,G (2161) Hungary 2014}) 9. Qxd4 Ne4 10. b4 a5 $1 11. c3 (11. Bb5+ $11 Bd7 12. Qxd5 Bxb4+ 13. Kf1 Bxb5+ 14. Qxb5+ Qd7 15. Qxd7+ Kxd7 16. a3) 11... Nxc3 $17 12. Bd2 ({Don't go for} 12. Qxc3 $2 Bxb4 13. Qd2 (13. Bb5+ $2 Bd7 $19) 13... Bxd2+ $19) 12... axb4 13. Nf3 Qa5 14. Bd3 Bc5 15. Qf4 (15. Qh4 $1 $15) 15... Be6 (15... Qb6 $17 16. Ng5 f6 17. exf6 Qxf6) 16. O-O $15 O-O-O $2 {[%mdl 8192] [#]} (16... Qb6 $15 {stays ahead.}) 17. a3 $1 $18 {[%mdl 512]} b3 (17... bxa3 18. Bxc3) 18. Bxc3 $2 ({White has to play} 18. Nd4 $1 $18) 18... Qxc3 $11 19. Rac1 Qxd3 20. Qb4 Kb8 $1 21. Rxc5 {aiming for Nd4.} d4 22. Ng5 Rhe8 23. Nxe6 Rxe6 24. Rfc1 Qa6 25. Qxb3 d3 26. Rd1 d2 {And now ...Qe2 would win.} 27. Rd5 $1 {[%cal Rd5d8]} Rxd5 28. Qxd5 Qxa3 29. Qxd2 {Qd8+ is the strong threat.} Rxe5 {[%mdl 4096] Endgame KQR-KQR} (29... Qc5 $11) 30. Qd8+ $16 Ka7 31. Qd4+ {[%mdl 1088] Double Attack. White has strong compensation.} Qc5 {Threatens to win with ...Qxd4.} 32. Qa4+ (32. Ra1+ $16 Kb6 33. Qd8+ Kc6 34. Qc8+ Kd6 35. Qxb7) 32... Qa5 $11 33. Qd4+ Qc5 (33... Kb8 $11 {keeps the balance.} 34. g3 Re1+ 35. Rxe1 Qxe1+ 36. Kg2 f6) 34. Qa4+ ({White should try} 34. Ra1+ $16 Kb6 35. Qd8+ Kc6 36. h4 (36. Qc8+ Kd6 $16)) 34... Kb8 35. g3 (35. h3 {keeps more tension.} Qa5 36. Qf4 Qc7 37. Qg3 f6 38. Ra1) 35... Qa5 $36 {[%mdl 2048] Black fights for an advantage.} 36. Qf4 f6 37. Kg2 Qc7 38. Rc1 Qd7 39. Qc4 $2 (39. h4 $11) 39... Qd5+ $19 40. Qxd5 Rxd5 {KR-KR} 41. Kf3 {[#]} (41. Kf1 $17) 41... Re5 $1 42. Kg4 Re2 43. Kf3 Re7 44. h4 b5 45. Rb1 Rb7 (45... Re5 $19 46. Kf4 Kb7) 46. Ke4 Kc7 47. Kd3 Kd6 48. Kc3 Kd5 49. Kb4 Kd4 50. Re1 Kd5 (50... h6 $17) 51. Re2 (51. Rb1 $1 $11) 51... Kd6 52. Re3 Kc6 53. Re6+ {[#]} Kd7 $1 {[%cal Rd7e6]} 54. Re2 Rb6 (54... h5 $15) 55. Kc5 (55. Ra2 $11) 55... Rb8 $15 56. Kb4 Rb7 57. Re4 Kd6 ({Black should play} 57... h5 $15) 58. Re2 (58. Re3 $11) 58... Re7 (58... g5 $15) 59. Rxe7 $11 {The position is equal.} Kxe7 60. Kxb5 {K3P-K3P} Ke6 61. Kc4 Kf5 62. f3 Ke5 63. Kd3 h5 64. Ke3 f5 65. Kd3 f4 66. g4 $1 hxg4 67. fxg4 f3 68. Ke3 f2 69. Kxf2 {Strongly threatening Kf3.} Kf4 70. h5 Kxg4 71. h6 $1 {[%cal Rh6g7]} gxh6 {Never resign too early! Accuracy: White = 73%, Black = 69%.} 1/2-1/2

[Event "Zalakaros Barczay Memorial 2020"]
[Site "Zalakaros"]
[Date "2020.09.04"]
[Round "5.9"]
[White "Deak, Laszlo"]
[Black "Piroska, Istvan"]
[Result "0-1"]
[WhiteElo "1890"]
[BlackElo "2131"]
[Annotator "TA"]
[PlyCount "70"]
[EventDate "2020.08.31"]
[EventType "swiss"]
[EventCountry "HUN"]
[SourceTitle "playchess.com"]
[Source "ChessBase"]
[SourceQuality "1"]

{[%evp 10,70,10,8,17,20,23,23,20,2,20,0,0,0,-25,-20,-22,-7,-9,-10,-9,-33,0,-37,-28,-67,-65,-162,-162,-163,-158,-156,-159,-162,-156,-161,-154,-243,-238,-231,-193,-184,-191,-211,-207,-206,-189,-207,-175,-175,-134,-720,-316,-868,-269,-254,-249,-329,-319,-1504,-1452,-1147,-1094]} 1. e4 e5 2. Nc3 Nc6 3. Nf3 Nf6 4. Bb5 Nd4 5. O-O Nxb5 6. Nxb5 d6 {C48: Four Knights: 4 Bb5, replies other than 4...Bb4.} 7. d4 a6 8. Nc3 exd4 {White has an edge.} 9. Qxd4 Be7 {[#]} 10. Nd5 $146 ({Predecessor:} 10. a4 O-O 11. h3 Be6 12. Rd1 b5 13. Bg5 c5 14. Qe3 Qb6 15. b4 Rae8 16. axb5 axb5 {½-½ (53) Kogan,A (2542)-Krysa,L (2498) Barcelona 2019}) 10... Nxd5 11. exd5 O-O 12. Be3 Bf6 $36 {[%mdl 2048] White is under pressure.} 13. Qb4 a5 14. Qa3 b5 15. Bd4 Bf5 16. Bxf6 Qxf6 17. Qb3 Be4 18. Nd2 {[#]} (18. Rfe1 $15 a4 19. Qxb5 Bxf3 20. gxf3) 18... Bxg2 $1 $19 {[%mdl 576] Decoy} 19. Kxg2 {Ne4 is the strong threat.} Qg5+ {[%mdl 64] Double Attack} 20. Kh1 {Strongly threatening f4.} Qxd2 21. Rad1 Qf4 22. Qe3 Qf6 23. c3 (23. Qc3 $17) 23... Rfe8 24. Qd3 Re5 25. f4 Re7 26. Rd2 b4 27. cxb4 axb4 28. Qd4 Qh4 29. Qxb4 Rae8 30. Qc3 $2 {[%mdl 8192] Loses the game.} (30. Rg2 $17) 30... Re1 (30... Re2 $2 31. Rxe2 Rxe2 32. h3 $19) (30... Re3 $142 31. Qd4 R8e4) 31. Rd1 $2 (31. Rxe1 Rxe1+ 32. Kg2) 31... Rxd1 $2 (31... R1e3 32. Qd4 Re2) 32. Rxd1 Qxf4 {[#] aiming for ...Qe4+.} 33. Qd3 Re3 34. Qd2 $2 (34. Rf1 Qxh2+ 35. Kxh2 Rxd3 36. Rc1) 34... Qf3+ 35. Kg1 Re2 {Accuracy: White = 44%, Black = 74%.} 0-1

[Event "Zalakaros Barczay Memorial 2020"]
[Site "Zalakaros"]
[Date "2020.09.04"]
[Round "5.10"]
[White "Biro, Sandor"]
[Black "Ilyes, Peter"]
[Result "1-0"]
[WhiteElo "2141"]
[BlackElo "1902"]
[Annotator "TA"]
[PlyCount "35"]
[EventDate "2020.08.31"]
[EventType "swiss"]
[EventCountry "HUN"]
[SourceTitle "playchess.com"]
[Source "ChessBase"]
[SourceQuality "1"]

{[%evp 9,35,41,97,89,104,77,78,69,71,36,105,37,220,198,197,202,576,584,568,572,818,828,814,783,877,862,873,881]} 1. e4 e6 2. d4 d5 3. Bd3 c5 4. exd5 Qxd5 5. Nc3 Qxd4 (5... Qd8 $1 $14) 6. Nb5 $1 $16 {[%cal Rb5d4] C01: French: Exchange Variation.} Qd8 7. Bf4 {[%mdl 1024] White has strong compensation.} Na6 8. Qe2 {White is better.} Nf6 9. O-O-O Qa5 {[#]} ({Black should play} 9... Bd7 $1 $14) 10. Bc4 (10. a3 $1 $16) 10... Bd7 $2 {Now Black is done in.} (10... Be7 $14) 11. Nf3 {[#] Rxd7! is the strong threat.} Be7 $146 {[#]} ({Predecessor:} 11... Nd5 12. Rxd5 {1-0 (12) Gottstein,C (2190)-Andersen,D (1917) Helsingor 2018}) 12. Ne5 $1 {And now Rxd7! would win.} Bxb5 $2 (12... Bc8 {is a better chance.} 13. a3 O-O) 13. Bxb5+ $18 {White is clearly winning.} Kf8 14. a4 Nc7 15. Nc4 Qb4 16. Bd2 Nxb5 17. Bxb4 Nd4 {[#]} 18. Rxd4 $1 {Accuracy: White = 86%, Black = 24%.} 1-0

[Event "Zalakaros Barczay Memorial 2020"]
[Site "Zalakaros"]
[Date "2020.09.04"]
[Round "5.11"]
[White "Pete, Zeteny Dominik"]
[Black "Boronyak, Arpad"]
[Result "0-1"]
[WhiteElo "1675"]
[BlackElo "2120"]
[Annotator "TA"]
[PlyCount "40"]
[EventDate "2020.08.31"]
[EventType "swiss"]
[EventCountry "HUN"]
[SourceTitle "playchess.com"]
[Source "ChessBase"]
[SourceQuality "1"]

{[%evp 11,40,8,7,-23,-10,-6,-8,-29,-27,-36,-41,-48,-44,-33,-40,-36,-51,-69,-66,-136,-152,-340,-326,-955,-952,-944,-937,-983,-980,-935,-941]} 1. d4 Nf6 2. Bf4 c5 3. e3 e6 4. c3 d5 5. Nd2 Nc6 6. Bd3 Bd6 7. Bg3 {D00: 1 d4 d5: Unusual lines.} e5 8. dxe5 Nxe5 9. Bc2 {The position is equal.} O-O 10. h3 Re8 {[#]} 11. Ngf3 $146 ({Predecessor:} 11. Bxe5 Bxe5 12. Ngf3 Bc7 13. O-O b6 14. Re1 Bb7 15. Nf1 Ne4 16. N3d2 f5 17. Nxe4 fxe4 {0-1 (42) Di Lazzaro,G (1861)-Curien,N (2266) Arco 2019}) 11... Nxf3+ 12. Qxf3 Bxg3 13. Qxg3 d4 14. cxd4 cxd4 {And now ...Qa5 would win.} 15. O-O-O ({White should try} 15. Rd1 $15) 15... d3 $17 16. Nb3 $2 {[#]} (16. Bb3 $17 {was called for.}) 16... Bf5 $19 17. Nc5 $2 (17. e4 Bxe4 18. Bxd3) 17... Rc8 {Black is clearly winning.} (17... Qc8 $2 18. Nxd3 Qc4 19. Qf4 $19) 18. e4 Rxc5 19. Rxd3 {[#]} Rxc2+ $1 20. Kxc2 Bxe4 {[%mdl 64] Pin. Black took control after the opening. Accuracy: White = 37%, Black = 100%.} 0-1

[Event "Zalakaros Barczay Memorial 2020"]
[Site "Zalakaros"]
[Date "2020.09.05"]
[Round "6.1"]
[White "Kaczur, Florian"]
[Black "Pasti, Aron"]
[Result "1-0"]
[WhiteElo "2488"]
[BlackElo "2270"]
[Annotator "TA"]
[PlyCount "131"]
[EventDate "2020.08.31"]
[EventType "swiss"]
[EventCountry "HUN"]
[SourceTitle "playchess.com"]
[Source "ChessBase"]
[SourceQuality "1"]

{[%evp 26,131,38,23,17,14,30,26,47,10,40,14,62,60,147,105,97,27,43,34,79,59,109,84,84,36,48,48,48,48,48,62,59,48,44,12,12,7,26,32,30,22,60,49,48,50,107,110,120,129,136,142,132,142,125,116,119,135,191,154,311,303,297,268,340,336,750,737,791,531,1011,1021,1011,944,801,774,1468,1387,29969,29970,29970,29971,29969,29966,29964,29967,29965,29968,29967,29969,29969,29970,29969,29971,29971,29972,29972,29973,29973,29974,29972,29975,29974,29976,29975,29976,29991,29992]} 1. e4 e5 2. Nf3 Nc6 3. Bb5 a6 4. Ba4 Nf6 5. O-O Be7 6. Re1 b5 7. Bb3 d6 8. c3 O-O 9. h3 Na5 10. Bc2 c5 11. d4 Qc7 12. Nbd2 {[%cal Bb1d2,Bd2b3,Bb3d4][%mdl 32]} cxd4 13. cxd4 Nc6 14. a3 exd4 {C99: Closed Ruy Lopez: Chigorin Defence: 11 d4 Qc7 12 Nbd2 cxd4.} 15. Nb3 d3 16. Bxd3 Ne5 {White has an edge.} 17. Bb1 Bb7 {[#]} 18. Nbd4 $146 ({Predecessor:} 18. Bf4 Nfd7 19. Ba2 Rac8 20. Nbd4 Nc5 21. Bh2 g6 22. Bd5 Ncd3 23. Nxe5 Nxe5 24. a4 {0-1 (57) Hadzimanolis,A (2246)-Milonakis,G (2200) Rio Achaea 2018}) 18... Nxf3+ 19. Qxf3 d5 ({Black should try} 19... g6 $14) 20. e5 Ne4 21. Bf4 (21. Bxe4 $16 dxe4 22. Qg3) 21... Bc5 $11 22. Rd1 Qb6 23. Be3 Qc7 24. Qf4 {Hoping for Bxe4.} Rae8 25. Nf3 Qb6 26. Ba2 Bxe3 27. Qxe3 Qxe3 28. fxe3 Rc8 29. Rac1 h6 30. Kf1 Ng3+ 31. Ke1 Nf5 32. Kf2 Ne7 33. Ke2 Rfd8 34. Nd4 Kf8 35. Bb1 Nc6 (35... Rxc1 $14 36. Rxc1 Rc8) 36. Bf5 $16 Nxd4+ 37. exd4 Rc4 38. b3 Rxc1 39. Rxc1 {[%mdl 4096] Endgame KRB-KRB} g6 40. Bg4 $1 h5 41. Bf3 $1 Ke7 (41... Rd7 $16 {is a better defense.} 42. g4 hxg4 43. Bxg4 (43. hxg4 g5 $16) 43... Re7) 42. Ke3 Rd7 $2 {Black cannot hold the game after this.} (42... Ke6 $16 {was worth a try.} 43. Kf4 f6) 43. g4 $18 h4 44. g5 {Strongly threatening Bg4.} Kd8 45. Kf4 Rc7 $2 (45... Re7 46. Kg4 Bc8+ 47. Kxh4 Be6) 46. Rxc7 Kxc7 {[#] KB-KB} 47. e6 $1 {[%mdl 512]} Kd6 (47... fxe6 48. Ke5) 48. exf7 Ke7 49. Kg4 Kxf7 50. Kxh4 a5 51. b4 axb4 52. axb4 {White mates.} Bc6 53. Kg3 Ke6 54. Kf4 Kd6 55. h4 Be8 {[#]} 56. h5 $1 {[%mdl 512]} gxh5 57. Kf5 Bd7+ 58. Kf6 h4 59. g6 Be6 {[#]} 60. g7 $1 h3 {[#]} 61. Bg4 $1 {[%mdl 512]} h2 (61... Bxg4 62. g8=Q) 62. Bxe6 h1=Q 63. g8=Q Qh4+ {[#]} 64. Qg5 $1 Qxd4+ 65. Kf7 Qxb4 66. Qe7+ {Accuracy: White = 81%, Black = 62%.} 1-0

[Event "Zalakaros Barczay Memorial 2020"]
[Site "Zalakaros"]
[Date "2020.09.05"]
[Round "6.2"]
[White "Boguszlavszkij, Jevgenyij"]
[Black "Aczel, Gergely"]
[Result "0-1"]
[WhiteElo "2168"]
[BlackElo "2532"]
[Annotator "TA"]
[PlyCount "88"]
[EventDate "2020.08.31"]
[EventType "swiss"]
[EventCountry "HUN"]
[SourceTitle "playchess.com"]
[Source "ChessBase"]
[SourceQuality "1"]

{[%evp 22,88,-49,-49,-54,-47,0,0,0,0,-2,-21,0,-18,-31,-30,0,-2,4,-97,-79,-145,-133,-268,-120,-124,-125,-228,-218,-229,-189,-233,-236,-701,-203,-272,-266,-260,-268,-256,-219,-218,-127,-152,-144,-154,-134,-382,-372,-349,-341,-317,-306,-337,-335,-506,-490,-533,-531,-631,-343,-652,-651,-601,-599,-690,-680,-1112,-519]} 1. e4 c5 2. Nf3 e6 3. d3 d5 4. Nbd2 Nc6 5. g3 Nf6 6. Bg2 Be7 7. O-O O-O 8. e5 Nd7 9. Re1 Qc7 10. Qe2 b5 11. Nf1 Bb7 {is now debated instead of 11...a5.} 12. h4 Rfc8 {C00: French: Unusual White 2nd moves.} 13. Bf4 Nd4 14. Nxd4 cxd4 {The position is equal.} 15. Rac1 Qa5 16. a3 Rc7 17. Nh2 Rac8 $36 {[%mdl 2048] Black fights for an advantage.} 18. Nf3 Qa4 {[%cal Rc7c2]} 19. b3 Qxa3 {[#]} 20. Bh3 $146 (20. Nxd4 $11 Qb2 21. Be3) ({Predecessor:} 20. Nxd4 Qb2 21. c3 Qxe2 22. Nxe2 Nc5 23. Red1 Nxb3 24. Rb1 Nc5 25. c4 dxc4 26. Bxb7 Rxb7 27. dxc4 {0-1 (37) Cemborain Oricain,A (1891)-Albaina Alvarez,A (2061) Zarautz 2019}) 20... Qc5 21. Kg2 (21. Ng5 $142 Qb6 22. Qh5 Bxg5 23. Qxg5) 21... Qb6 $17 {Threatens to win with ...Ba3.} 22. Ng5 (22. h5 $17) 22... Nf8 (22... h6 $19 {and Black stays clearly on top.} 23. Nf3 Ba3) 23. Qh5 Bb4 24. Rh1 (24. Re2 $17 {is a better defense.}) 24... a5 $19 25. Ra1 Bc6 26. Qg4 Be8 27. Nf3 $2 (27. Bc1) 27... Kh8 $2 (27... h5 28. Qg5 Nh7 29. Qxh5 f5 30. Qxe8+ Rxe8) 28. h5 {[#]} h6 $1 ({But not} 28... Rxc2 29. h6 $17) 29. Bc1 Rxc2 30. Nxd4 R2c7 31. Be3 {intending Nf5.} Bc5 (31... Bc3 $19 32. Ra2 a4) 32. Rhe1 Nh7 33. Kh2 b4 34. Nc2 $2 (34. Re2 $17) 34... Bxe3 35. Nxe3 Rc3 36. d4 R8c7 37. Rab1 Bb5 38. Bf1 (38. Bg2 {was worth a try.}) 38... Bxf1 39. Rxf1 Ng5 40. Rfd1 Ne4 41. Rb2 $2 {[#]} (41. Qf3) 41... Nxf2 $1 {[%mdl 576] Remove Defender. Black is clearly winning.} 42. Rxf2 Rxe3 43. Rdf1 Re4 44. Qg6 Re2 {Accuracy: White = 34%, Black = 66%.} (44... fxg6 $142 45. hxg6 {[#]} Re2 $1 {[%mdl 512]} 46. Rxe2 Rc8) 0-1